00249nam a22000857a 4500100002700000245009400027260002600121300000700147650000900154 aRasika Kumari,L.D.M.P. aResonance Enhanced Multi Photon Lonization Time of flight Mass Spetrometry (REMPI TOF MS} acolombobICHEMCc2016 a28 a2016